Normal view
MARC view
- جهنم -- السمعيات (علم كلام) -- القرآن -- مباحث عامة -- القرآن -- تفاسير حديثة
Entry Topical Term
001 - CONTROL NUMBER
- control field: 15760
003 - CONTROL NUMBER IDENTIFIER
- control field: JO-AjAnu
005 - DATE AND TIME OF LATEST TRANSACTION
- control field: 20230606072820.0
008 - FIXED-LENGTH DATA ELEMENTS
- fixed length control field: 230606|| aca||aabn | a|a d
040 ## - CATALOGING SOURCE
- Original cataloging agency: JO-AjAnu
- Transcribing agency: JO-AjAnu
150 ## - HEADING--TOPICAL TERM
- Topical term or geographic name entry element: جهنم -- السمعيات (علم كلام) -- القرآن -- مباحث عامة -- القرآن -- تفاسير حديثة
670 ## - SOURCE DATA FOUND
- Source citation: Work cat.: (JO-AjAnu)8093: تأليف ، حسن، محمد كامل؛ مراجعة حسن تميم, author 15759, الموسوعة القرآنية : أصحاب الجحيم في القرآن الكريم